| 000 | 00661cam a2200205u 4500 | ||
|---|---|---|---|
| 001 | 000011675 | ||
| 005 | 20200929162526.0 | ||
| 008 | 820607s1972 ag a 000 0 spa | ||
| 010 | _a73319880 | ||
| 040 |
_aDO-SdBNP _cCarP _dDLC |
||
| 050 | 0 | 0 |
_aHF5549.5.J62 _bM37 |
| 100 | 1 |
_aMaristany, Jaime. [from old catalog] _927669 |
|
| 245 | 1 | 0 | _aEvaluacion de tareas y administracion de remuneraciones. |
| 250 | _a1a. ed. | ||
| 260 |
_a[Buenos Aires, : _bEdiciones Contabilidad Moderna, _c1972]. |
||
| 300 |
_a397 p. : _billus. ; _c24 cm. |
||
| 650 | 0 |
_aJob evaluation. [from old catalog] _927670 |
|
| 650 | 0 |
_aWages. _927671 |
|
| 910 | _aCatalogación por copia / LC | ||
| 999 |
_c11362 _d11362 |
||